¿Qué es la teoría de la dependencia? 2ª parte /
Guardat en:
| Autor principal: | |
|---|---|
| Format: | Text |
| Etiquetes: |
Afegir etiqueta
Sense etiquetes, Sigues el primer a etiquetar aquest registre!
|
MARC
| LEADER | 00000 a a2200000 04500 | ||
|---|---|---|---|
| 001 | 628 | ||
| 003 | |||
| 040 | |||
| 100 | |a Davydov, Vladimir | ||
| 245 | |a ¿Qué es la teoría de la dependencia? 2ª parte / |c Vladimir Davydov | ||
| 773 | |g número 2; páginas 29-42 | ||
| 999 | |c 28105 |d 28105 | ||
